000 00339nam a2200145Ia 4500
008 230917s9999||||xx |||||||||||||| ||und||
040 _e87456
_aMAIN
041 _aEnglish
082 _a707 R199I
100 _aRawson, Philip
245 0 _aIntroducing: oriental art
260 _aLondon
_bHamlyn
_c1973
300 _a96 p.
942 _cBK
999 _c177857
_d177857